000 00251nam a2200121Ia 4500
008 190216s9999||||xx |||||||||||||| ||und||
100 _aNull
245 0 _aHindi-Ladai
260 _bAjith Book Center
300 _a59
650 _aHindi
942 _cBK
999 _c15438
_d15438